000 00620nam a2200241Ia 4500
003 OSt
005 20220918201340.0
006 a|||||r|||| 00| 0
007 ta
008 220917b |||||||| |||| 00| 0 eng d
024 _a93,263
037 _cTextual
040 _aARTS
_cARTS
_beng
041 _2eng
_aeng
082 _aV1-1:19.N6, K8
100 _aNorthedge F S
_998255
245 0 _aForeign policies of the powers
260 _aN York
_bFrederick
_c1968
300 _a299p.
_ccm.
650 _aHISTORY
942 _hV1-1:19.N6, K8
_cTEXL
_2CC
999 _c216910
_d216910